50 films à remplir - 2012 - Statistiques

Statistiques générales
  • Ce quiz a été pris 212 fois
  • Le résultat moyen est 31 sur 50
Statistiques - réponses
Hint Réponse % Correct
Men ... Black 3 In
96%
Astérix et Obélix : Au ... de Sa Majesté Service
93%
Hôtel ... Transylvanie
92%
... Games Hunger
91%
Sur la piste du ... Marsupilami
89%
Blanche-Neige et le ... Chasseur
88%
The ... Spider-Man Amazing
87%
Madagascar 3 : Bons ... d'Europe Baisers
86%
... (James Bond tombe de haut) Skyfall
86%
... Unchained Django
84%
... (un nounours qui parle ??) Ted
81%
Un ... n'arrive jamais seul Bonheur
80%
L'Odyssée de ... Pi
80%
La ... dans les bois Cabane
77%
21 ... Street Jump
77%
Le ... : Un voyage inattendu Hobbit
75%
The Dark Knight ... Rises
74%
Ernest et ... Célestine
73%
Les Cinq ... Légendes
72%
... X Projet
69%
Les Mondes de ... Ralph
68%
De ... et d'os Rouille
67%
Happiness ... Therapy
67%
... Carter John
66%
Total ... : Mémoires programmées Recall
66%
Les ... Seigneurs
66%
... Shadows Dark
61%
... Karénine Anna
60%
Un ... parfait Plan
60%
Magic ... Mike
59%
La ... Chasse
57%
... Kaïra Les
57%
Le ... Prénom
57%
... 80 Stars
57%
Les ... du palais Saveurs
55%
... Reacher Jack
54%
... Kingdom Moonrise
42%
The ... Beyond the Pines Place
42%
... Edgar J.
40%
... Dark Thirty Zero
40%
... Atlas Cloud
36%
Les Enfants ..., Ame et Yuki Loups
36%
The ... and the I We
34%
... et les hommes et les femmes Kirikou
33%
Le Monde de ... Charlie
32%
Holy ... Motors
29%
The ... Raid
27%
... Master The
27%
... Anyways Laurence
23%
... - Sur les rives du Mississippi Mud
22%
Aucun quiz correspondant
Distribution des résultats
% des personnes avec chaque résultat
Percentile par nombre de réponses
Votre historique - résultats
Vous n’avez pas pris ce quiz